Представление документа в формате MARC21

Поле Инд. ПП Название Значение
Тип записи a
Библиографический уровень m
001 Контрольный номер UNIDUBNA194f160a7f454830adc9e714975703f6
005 Дата корректировки 20260504080801.2
020 a ISBN 978-5-369-00784-6
084 a Индекс другой классификации/Индекс ББК 81
090 a Полочн. индекс НЕТ В ФОНДЕ
100 1_ a Автор Машина О. Ю.
245 10 a Заглавие Русский язык и культура речи
b Продолж. заглавия учебник
260 c Дата издания 2020
b Издательство РИОР
a Место издания Москва
300 a Объем 168 с.
336 a Термин вида содержания Текст
337 a Термин типа средства электронный
521 0_ a Примеч. о целев. назн. студенты
650 04 a Основная рубрика русский язык
a Основная рубрика филологические науки
a Основная рубрика частное языкознание
a Основная рубрика языкознание
653 0_ a Ключевые слова культура речи
900 x Справочная информация Полный текст
900 a Имя электронного ресурса obl_mashina_rus_yaz
x Справочная информация Обложка
901 t Тип документа 0
952 a Тип литературы для КСУ ВШ УИ